1625 1058 1193 1680 1310 1269 1559 1518 1439 1186 1326 1942 1886 1922 1907 1602 1441 1074 1049 1347 1619 1533 1501 1233 1961 1449 1111 1096 1348 1201 1320 1786 1463 1395 1615 1872 1358 1411 1455 1800 1063 1702 1639 1171 1818 1241 1176 1898 1888 1151 1034 1735 1428 1252 1790 1298 1301 1027 1800 1927 1572 1754 1195 1387 1945 1585 1563 1371 1466 1874 1676 1108 1172 1917 1335 1588 1011 1656 1994 1291 1582 1917 1196 1135 1912 1917 1180 1564 1161 1323 1324 1405 1253 1543 1103 1184 1710 1831 1390 BCNSPRNW ULIB Ver.6.0+V

เปลี่ยนเป็นภาษาไทย

Change to English
 แสดงรายละเอียดบรรณานุกรม
  กลับหน้าหลัก

Brief Record : Get Marc (ISO 2709) : E-mail record : QR code < ปิดหน้าต่าง
LEADER : 00000nam 2200000 a 4500
001    13399113540
003     ULIB
008    970822s2552 th 000 1 tha d
020    ^a9749694558
090    ^aนว^bส917ป 2552
100 0  ^aวรางคณา
245 0  ^aปีศาจแสนกล /^cวรางคณา
260    ^aกรุงเทพฯ :^bดอกหญ้า,^c2552
300    ^a391 หน้า ;^c18 ซม.
650  4 ^aนวนิยายไทย
945    ^p225^l0^i15826
995    ^aเกษร
999 ^a ใช้งานได้ทุกระบบ
รายการนี้ยังไม่มีแท็ก
คุณยังไม่ได้ล็อกอิน คุณสามารถมีกิจกรรมร่วมกับเว็บไซต์ได้ แต่ต้องล็อกอินก่อน ::
  ล็อกอิน

รายการสื่อสารสนเทศ

ลำดับที่ ประเภท เลขเรียก/บาร์โค้ด สถานที่ สถานะ
1. วิทยาศาสตร์การแพทย์ และสุขภาพ
วิทยาศาสตร์การแพทย์ และสุขภาพ
นว ส917ป 2552  
  Barcode: 15826
ห้องสมุดวิทยาเขตสวรรค์ประชารักษ์
►นวนิยาย
บนชั้น
  ขอยืม

รายการใกล้เคียง
    ผู้แต่ง [วรางคณา]

    หัวเรื่อง [นวนิยายไทย]

BibComment


ยังไม่เคยถูกคอมเมนท์

คอมเมนท์ทรัพยากรรายการนี้
  คอมเมนท์: ปีศาจแสนกล วราง..


 Copyright 2026. Bcnsprnw @Library